LEADER 01053nam a2200289 u 4500 001 000000065807 003 CaOOAMICUS 005 20070226121515.0 008 011214s1966 it u000 u ita u 035 $a10914232 040 $aPUL(R)$bita 041 1 $aita$hfre 100 1 $aRabut, Olivier A.,$cO.P.$0(OLS)http://pul/name/10514 240 10$aVerité de l'action.$lItaliano.$0(OLS)http://pul/title/87475 245 13$aLa verità dell'azione /$cOlivier A. Rabut. 260 $aTorino :$bBorla,$c1966. 300 $a156 p. ;$c23 cm 490 1 $aConoscenza dell'uomo ;$v6 500 $aContiene indice. 504 $aBibliografia in nota. 830 0$aConoscenza dell'uomo ;$v6.$0(OLS)http://pul/title/62886 850 $aPUL 852 $aPUL$W1$xSL Filosofia 1$y2$m91 C 18$j85136$nBK-PRI$b $qStampati$B85136$CPULBib$Z2$F85136 $H $81 941 1 $a8 961 $aINV: 28691 996 $6245$aLa verità dell'azione$9(OLS)http://pul/title/87476 996 $6260$aTorino :$bBorla$9(OLS)http://pul/publisher/48084 LEADER 01361nam a2200325 u 4500 001 000000060341 003 CaOOAMICUS 005 20070226120912.0 008 010719s1975 gw u000 u ger u 020 $a345102067X 035 $a10897813 040 $aPUL(R)$bita 041 1 $ager$heng 100 1 $aLonergan, Bernard Joseph Francis,$cS.I.,$d1904-1984.$0(OLS)http://pul/name/479 245 10$aTheologie im Pluralismus heutiger Kulturen /$cBernard Lonergan ; herausgegeben von Giovanni B. Sala. 260 $aFreiburg :$bHerder,$cc1975. 300 $a191 p. ;$c23 cm 490 1 $aQuaestiones disputatae ;$v67 504 $aBibliografia in nota. 650 4$aTeologia.$0(OLS)http://pul/subject/118 650 4$aChiesa.$0(OLS)http://pul/subject/2116 700 1 $aSala, Giovanni B.,$cS.I.$0(OLS)http://pul/name/12639 830 0$aQuaestiones disputatae (Herder) ;$v67.$0(OLS)http://pul/title/18243 850 $aPUL 852 $aPUL$W1$xSL Religione 2$y84$mTheol A6 67$j78636$nBK-PRI$b $qStampati altre collocazioni$B78636$CPULBib$Z2$F78636 $H $81 941 1 $a10 961 $aINV: 42092 996 $6020$a345102067X$9(OLS)http://pul/number/77542 996 $6245$aTheologie im Pluralismus heutiger Kulturen$9(OLS)http://pul/title/80682 996 $6260$aFreiburg :$bHerder$9(OLS)http://pul/publisher/48354